Not the only one : lesbian and gay fiction for teens /

Shranjeno v:
Bibliografske podrobnosti
Drugi avtorji: Summer, Jane
Format: Knjiga
Jezik:angleščina
Izdano: Los Angeles : Alyson Books, c2004
Oznake: Označite
Brez oznak, prvi označite!

MARC

LEADER 00000nam a22000007i 4500
001 IT\ICCU\UBO\2833629
003 ItRI
005 20260115231832.0
008 051017s2004 xxu|||||| ||||| |||||c
020 |a 1555838340 (pbk) 
040 |b ita  |c importazione bologna sebina 
041 7 |a eng  |2 ISO-639-2 
245 0 0 |a Not the only one :  |b lesbian and gay fiction for teens /  |c edited by Jane Summer. 
260 |a Los Angeles :  |b Alyson Books,  |c c2004 
300 |a X, 302 p. ;  |c 21 cm. 
700 1 |a Summer, Jane  |0 IT\ICCU\UBOV\003318 
942 |2 ddc  |c BK  |n 0 
952 |0 0  |1 0  |4 0  |6 R_813_600000000000000_SUM  |7 0  |9 13863  |a BO  |b BO  |d 2026-01-15  |i 9317  |l 0  |o R 813.6 SUM  |p BO9317  |r 2026-01-15 23:18:32  |w 2026-01-15  |x [Sebina 5] [1 v.]  |y BK  |z 1 v. 
999 |c 11931  |d 11931